[Event "38th Olympiad"]
[Site "Dresden GER"]
[Date "2008.11.21"]
[Round "8"]
[White "Kobese,W"]
[Black "Aristotelous,V"]
[Result "1-0"]
[WhiteElo "2369"]
[BlackElo "1920"]
[EventDate "2008.11.13"]

1. e4 d6 2. d4 Nf6 3. Nc3 g6 4. Nf3 Bg7 5. h3 O-O 6. Be3 c6 7. a4 a5 8. Be2
Na6 9. O-O Nb4 10. Nd2 e5 11. dxe5 dxe5 12. Qc1 Be6 13. Nc4 Bxc4 14. Bxc4
Qe7 15. Rd1 Rfd8 16. Rxd8+ Rxd8 17. Bb6 Rd4 18. Bxd4 exd4 19. Na2 Nxe4 20.
Nxb4 Qxb4 21. Qf4 Qxc4 22. Qxe4 Bf6 23. b3 Qb4 24. Rd1 Kg7 25. g3 Qc3 26.
Qd3 Qb4 27. Qc4 Qe7 28. Rb1 c5 29. Rd1 Qc7 30. Qd5 Qe7 31. Rd3 Qc7 32. Rf3
Bd8 33. Rf4 Bf6 34. Re4 Qc8 35. Kg2 Qc7 36. g4 d3 37. g5 Bd4 38. cxd3 b6
39. f4 Bc3 40. f5 gxf5 41. Qxf5 Qb7 42. h4 1-0

[Event "38th Olympiad"]
[Site "Dresden GER"]
[Date "2008.11.21"]
[Round "8"]
[White "Constantinou,Pa"]
[Black "Solomon,K"]
[Result "0-1"]
[WhiteElo "2093"]
[BlackElo "2337"]
[EventDate "2008.11.13"]

1. d4 Nf6 2. c4 e6 3. Nc3 c5 4. Nf3 cxd4 5. Nxd4 Bb4 6. Bd2 Nc6 7. e3 O-O
8. Be2 d5 9. cxd5 Nxd4 10. exd4 Nxd5 11. Nxd5 Bxd2+ 12. Qxd2 Qxd5 13. Bf3
Qd6 14. O-O Rd8 15. Qe3 a6 16. Rac1 Rb8 17. Qe5 f6 18. Qxd6 Rxd6 19. Rfd1
Bd7 20. Rc7 b6 21. Bb7 a5 22. f3 Rd8 23. Kf2 Kf8 24. Rd2 Be8 25. Ke3 Bf7
26. f4 h6 27. h4 Be8 28. g4 R8d7 29. Rxd7 Bxd7 30. g5 fxg5 31. fxg5 hxg5
32. hxg5 Bc6 33. Bxc6 Rxc6 34. Rf2+ Ke8 35. Ke4 Rc1 36. Ke5 Ke7 37. Ke4 Rg1
38. Kf4 Kd6 39. Re2 Rd1 40. Ke4 Rf1 41. a4 Rh1 42. Re3 Rh2 43. b3 Rh5 44.
Rg3 Rh4+ 45. Ke3 Kd5 46. g6 Re4+ 47. Kf3 Rxd4 48. Rg5+ e5 49. Rf5 Ke6 50.
Rh5 Rb4 0-1

[Event "38th Olympiad"]
[Site "Dresden GER"]
[Date "2008.11.21"]
[Round "8"]
[White "Steel,H"]
[Black "Savva,P"]
[Result "1-0"]
[WhiteElo "2280"]
[BlackElo "2093"]
[EventDate "2008.11.13"]

1. e4 c5 2. Nf3 e6 3. d4 cxd4 4. Nxd4 Nc6 5. Nc3 Qc7 6. Be3 a6 7. Qd2 b5 8.
O-O-O b4 9. Nce2 Nf6 10. f3 Bb7 11. g4 h6 12. Ng3 d5 13. Nxc6 Bxc6 14. Bd3
dxe4 15. Bxe4 Bxe4 16. Nxe4 Nxe4 17. fxe4 Be7 18. Qg2 O-O 19. g5 hxg5 20.
Bxg5 Rac8 21. Bxe7 Qxe7 22. Rhg1 g6 23. Qg5 Qxg5+ 24. Rxg5 Rc4 25. Re1 Rfc8
26. Re2 R8c5 27. Rxc5 Rxc5 28. a3 bxa3 29. bxa3 Kf8 30. Kb2 Ke7 31. e5 f6
32. exf6+ Kxf6 33. Kb3 e5 34. c4 Kf5 35. Kb4 Rc8 36. c5 e4 37. Kc4 Ke5 38.
Rg2 Rc6 39. Rg3 Rf6 40. Rg5+ Kf4 41. Rg1 Ke3 42. Re1+ Kf4 43. Rf1+ Ke5 44.
Rxf6 Kxf6 45. Kd4 e3 46. Kxe3 Ke5 47. h4 Kd5 48. Kf4 Kxc5 49. Ke4 1-0

[Event "38th Olympiad"]
[Site "Dresden GER"]
[Date "2008.11.21"]
[Round "8"]
[White "Antoniou,A"]
[Black "Mabusela,J"]
[Result "1/2-1/2"]
[WhiteElo "2177"]
[BlackElo "2273"]
[EventDate "2008.11.13"]

1. e4 e6 2. Nc3 d5 3. d3 c5 4. Nf3 Nc6 5. g3 Nf6 6. Bg2 dxe4 7. Nxe4 Nxe4
8. dxe4 Qxd1+ 9. Kxd1 b6 10. c3 Ba6 11. Kc2 O-O-O 12. Rd1 Rxd1 13. Kxd1 Be7
14. Bf4 Rd8+ 15. Ke1 h6 16. Rd1 g5 17. Rxd8+ Kxd8 18. Be3 Bd3 19. Nd2 Ne5
20. Bf1 Bc2 21. f4 Nd3+ 22. Bxd3 Bxd3 23. fxg5 hxg5 24. Nf3 Bxe4 25. Nxg5
Bg6 26. Kf2 e5 27. g4 f6 28. Nf3 Ke8 29. g5 Kf7 30. gxf6 Bxf6 31. Ng5+ Ke7
32. Kf3 Bxg5 1/2-1/2

[Event "38th Olympiad"]
[Site "Dresden GER"]
[Date "2008.11.21"]
[Round "8"]
[White "Zambrana,O"]
[Black "Homrana,M"]
[Result "1/2-1/2"]
[WhiteElo "2478"]
[BlackElo "2001"]
[EventDate "2008.11.13"]

1. e4 e6 2. d4 d5 3. Nd2 c5 4. Ngf3 cxd4 5. exd5 Qxd5 6. Bc4 Qd6 7. O-O a6
8. Ne4 Qc7 9. Bb3 Be7 10. Bg5 Nc6 11. Re1 Bd7 12. Nxd4 O-O-O 13. Nf3 Be8
14. Qe2 Bxg5 15. Nexg5 h6 16. Ne4 Nf6 17. Rad1 Rxd1 18. Rxd1 Nxe4 19. Qxe4
Kb8 20. Qg4 g5 21. c3 f5 22. Qc4 Bd7 23. Nd4 Re8 24. Nf3 Bc8 25. Qc5 e5 26.
Bd5 e4 27. Nd4 Ne5 28. Qxc7+ Kxc7 29. g3 Rd8 30. Bb3 Nd3 31. Rd2 Ne5 32.
Kf1 f4 33. Re2 Bh3+ 34. Ke1 Nd3+ 35. Kd2 Nxf2 36. Kc2 e3 37. Re1 Bc8 38.
gxf4 gxf4 39. Rg1 Kb8 40. Bc4 Ng4 41. h4 Kc7 42. Be2 Ne5 43. Rg7+ Kb8 44.
Re7 Ng6 45. Rf7 Nxh4 46. Rxf4 Nf5 47. Kd3 Kc7 48. Bh5 Rd6 49. b3 b6 50. Bf3
a5 51. c4 Nxd4 52. Rxd4 Rxd4+ 53. Kxd4 Kd6 54. a3 Bh3 55. b4 Bf1 56. c5+
bxc5+ 57. bxc5+ Kc7 58. Kxe3 Bb5 59. Ke4 1/2-1/2

[Event "38th Olympiad"]
[Site "Dresden GER"]
[Date "2008.11.21"]
[Round "8"]
[White "Elbaruni,M"]
[Black "Cueto,Jo"]
[Result "1/2-1/2"]
[WhiteElo "2072"]
[BlackElo "2320"]
[EventDate "2008.11.13"]

1. d4 b6 2. Nf3 Bb7 3. Bf4 d6 4. e3 g6 5. Bc4 Nf6 6. Nbd2 h6 7. h3 Bg7 8.
c3 Ne4 9. Qc2 Nxd2 10. Qxd2 Nd7 11. Qc2 e5 12. dxe5 Nxe5 13. Bxe5 dxe5 14.
Rd1 Qf6 15. Qa4+ c6 16. Qb4 Qe7 17. Qxe7+ Kxe7 18. Bxf7 e4 19. Ng1 Kxf7 20.
Rd7+ Kg8 21. Rxb7 Rh7 22. Kd1 Rd8+ 23. Kc2 Rf8 24. f3 g5 25. Rxa7 Be5 26.
Rxh7 Kxh7 27. h4 Kg6 28. hxg5 hxg5 29. Kd1 b5 30. Ke2 Ra8 31. a3 b4 32.
axb4 Ra2 33. fxe4 Bxc3 34. Kd3 Bxb2 35. Nf3 Ra3+ 36. Kc2 Bg7 37. Rd1 Rxe3
38. Rd6+ Kh5 39. Rxc6 Rxe4 40. Kb3 Re3+ 41. Kc4 Re2 42. b5 Rxg2 43. Ng1
1/2-1/2

[Event "38th Olympiad"]
[Site "Dresden GER"]
[Date "2008.11.21"]
[Round "8"]
[White "Campero,R"]
[Black "Chahrani,I"]
[Result "1-0"]
[WhiteElo "2255"]
[BlackElo "2314"]
[EventDate "2008.11.13"]

1. c4 f5 2. Nc3 Nf6 3. g3 g6 4. Bg2 Bg7 5. d3 d6 6. Nf3 O-O 7. O-O e5 8.
Rb1 c6 9. b4 h6 10. c5 g5 11. cxd6 Qxd6 12. Be3 b6 13. d4 e4 14. Ne5 Nd5
15. Nxd5 cxd5 16. b5 Bxe5 17. dxe5 Qxe5 18. Bd4 Qe6 19. Rc1 Bb7 20. Bb2 Nd7
21. Rc7 Rab8 22. Qd4 Nf6 23. Rfc1 Rf7 24. f3 Rc8 25. Rxc8+ Bxc8 26. Rc6 Qd7
27. Rxf6 Rxf6 28. Qxf6 Kh7 29. Bh3 g4 30. fxg4 fxg4 31. Bf1 h5 32. h4 Qc7
33. Qh8+ Kg6 34. Qe8+ Kh6 35. Be5 Qc5+ 36. Kg2 1-0

[Event "38th Olympiad"]
[Site "Dresden GER"]
[Date "2008.11.21"]
[Round "8"]
[White "Asabri,Hu"]
[Black "Gemy,J"]
[Result "1-0"]
[WhiteElo "2191"]
[BlackElo "2200"]
[EventDate "2008.11.13"]

1. d4 Nf6 2. Nf3 e6 3. c4 d5 4. g3 c6 5. Bg2 Bd6 6. O-O Nbd7 7. Nbd2 O-O 8.
b3 e5 9. cxd5 cxd5 10. dxe5 Nxe5 11. Bb2 Qe7 12. Nxe5 Bxe5 13. Bxe5 Qxe5
14. Nf3 Qb2 15. Qd3 Bd7 16. Rfb1 Qa3 17. Nd4 Rac8 18. Rd1 Rfe8 19. Nc2 Qc5
20. Ne3 Be6 21. Qd4 Red8 22. Bf3 a5 23. Rd2 Kf8 24. Rad1 b6 25. Qf4 Qb5 26.
Nf5 Bxf5 27. Qxf5 Rc5 28. Qf4 Re8 29. Kg2 Ne4 30. Bxe4 dxe4 31. Rd7 Rf5 32.
Qd6+ Kg8 33. Re7 e3 34. a4 Qe5 35. Rxe5 Rfxe5 36. Qxe5 1-0

[Event "38th Olympiad"]
[Site "Dresden GER"]
[Date "2008.11.21"]
[Round "8"]
[White "Bakr,J"]
[Black "Grooten,H"]
[Result "1/2-1/2"]
[WhiteElo "2338"]
[BlackElo "2376"]
[EventDate "2008.11.13"]

1. e4 c6 2. d4 d5 3. exd5 cxd5 4. c4 Nf6 5. Nc3 e6 6. Nf3 Bb4 7. cxd5 Nxd5
8. Bd2 Nc6 9. Bd3 Nf6 10. a3 Be7 11. Bf4 O-O 12. O-O b6 13. Rc1 Bb7 14. Bb1
Rc8 15. Qd3 g6 16. Bh6 Re8 17. Rcd1 Qc7 18. h3 Bf8 19. Qd2 Bxh6 20. Qxh6
Ne7 21. Ne5 Red8 22. Nb5 Qb8 23. g4 a6 24. Nc3 Rc7 25. g5 Nh5 26. Ng4 Rxc3
27. bxc3 Qf4 28. d5 Rxd5 29. c4 Rd4 30. Rxd4 Qxd4 31. Nf6+ Nxf6 32. gxf6
Qxf6 33. Rd1 Nc8 34. Qe3 Kg7 35. Be4 Bxe4 36. Qxe4 Ne7 37. Re1 Qg5+ 38. Qg4
Qc5 39. Qf4 Nc6 40. Qe3 Nd4 41. Rd1 e5 42. f4 Ne2+ 43. Kf2 Nxf4 44. Qxc5
bxc5 45. h4 a5 46. Rd7 Kf6 47. Kf3 Ke6 48. Ra7 Nd3 49. Rxa5 Kf5 50. Ra7 e4+
51. Ke2 Ke5 52. Rxf7 Kd4 53. Rd7+ Kxc4 54. Ke3 Ne5 55. Rxh7 Kd5 56. a4 c4
57. a5 c3 58. Ke2 Nc4 59. Rd7+ Kc5 60. Rd1 Nxa5 61. Rg1 Nc4 62. Rxg6 c2 63.
Rg1 Kd4 64. h5 Kc3 65. h6 Nd6 66. h7 Nf7 67. Ke3 Kb3 68. Kf4 Kc4 69. Ke3
Kb3 70. Rf1 Kb2 71. Kd2 Nh8 72. Rg1 Nf7 73. Rh1 Nh8 74. Ke3 Nf7 75. Kd2 Nh8
76. Re1 Nf7 77. Rf1 Nh8 78. Ke3 Nf7 79. Kd2 Nh8 80. Rg1 Nf7 81. Rf1 Nh8 82.
Ke3 Nf7 83. Re1 c1=Q+ 84. Kxe4 1/2-1/2

[Event "38th Olympiad"]
[Site "Dresden GER"]
[Date "2008.11.21"]
[Round "8"]
[White "Dekker,Marv"]
[Black "Hamad,Ah"]
[Result "0-1"]
[WhiteElo "2130"]
[BlackElo "2287"]
[EventDate "2008.11.13"]

1. e4 g6 2. d4 Bg7 3. c4 c6 4. Nc3 Na6 5. Be3 Nc7 6. d5 d6 7. Bd3 Nf6 8. f3
e5 9. Qd2 h5 10. O-O-O c5 11. Nge2 a6 12. Kb1 Bd7 13. a4 b6 14. h3 h4 15.
f4 Nh5 16. fxe5 Bxe5 17. Bg5 Bf6 18. Bxf6 Qxf6 19. e5 Qxe5 20. Rde1 O-O-O
21. Rhf1 Be8 22. Nf4 Qg5 23. Ne4 Qh6 24. Nxh5 Qxd2 25. Nxd2 Rxh5 26. Ne4 f5
27. Nf6 Rg5 28. Rf4 Bxa4 29. Rxh4 Ne8 30. Nxe8 Rxe8 31. Rxe8+ Bxe8 32. Rh8
Kd8 33. Bf1 Rh5 34. Rxh5 gxh5 35. g3 Ke7 36. Kc2 Kf6 37. Kd2 Ke5 38. Ke3 b5
39. b3 bxc4 40. bxc4 a5 41. Bd3 h4 42. gxh4 f4+ 43. Kd2 Kd4 44. Be2 Bg6 45.
h5 Be4 46. h6 a4 47. Bf3 Bh7 48. Bd1 a3 49. Bc2 a2 50. Bxh7 Ke5 0-1

[Event "38th Olympiad"]
[Site "Dresden GER"]
[Date "2008.11.21"]
[Round "8"]
[White "Raes,A"]
[Black "Mensing,F"]
[Result "1-0"]
[WhiteElo "2202"]
[BlackElo "2119"]
[EventDate "2008.11.13"]

1. g3 e5 2. c4 Nf6 3. Bg2 d5 4. cxd5 Nxd5 5. Nc3 Nb6 6. Nf3 Nc6 7. O-O Be7
8. d3 O-O 9. Bd2 Be6 10. Ne1 f6 11. f4 Qd7 12. Nf3 exf4 13. Bxf4 Rad8 14.
Rc1 Nd5 15. Nxd5 Bxd5 16. a3 Bd6 17. Qa4 Bxf4 18. Qxf4 Rfe8 19. Rf2 Re7 20.
Rc3 Qe8 21. e4 Be6 22. Bf1 Qd7 23. Be2 Qd6 24. Bd1 Bf7 25. Ba4 Be8 26. Bb3+
Bf7 27. Bxf7+ Rxf7 28. Qf5 Nd4 29. Nxd4 Qxd4 30. Qe6 Qd7 31. Qb3 c6 32. Qa4
a6 33. Qb4 Qd4 34. Qxd4 Rxd4 35. Kf1 Re7 36. Ke2 h6 37. g4 Rd8 38. h4 Re5
39. Rf5 Re7 40. Ke3 Kf7 41. h5 Re5 42. d4 Re6 43. a4 Rd7 44. a5 Rde7 45.
Rf4 Ke8 46. Kd3 Kd7 47. Rc5 Re8 48. b4 Rd6 49. Rc3 Rde6 50. Rc2 R8e7 51.
Re2 Kd6 52. Ke3 Kd7 53. Kf3 Kd6 54. Rf5 Re8 55. Kf4 R8e7 56. Rc5 Re8 57.
Kf5 R8e7 58. Rc3 Re8 59. Rd3 R8e7 60. Kf4 Re8 61. d5 Re5 62. dxc6+ Kxc6 63.
Rd5 Kc7 64. Rc2+ Kb8 65. Rc4 Rxd5 66. exd5 Re5 67. Rc5 Re7 68. d6 Rd7 69.
Rd5 b6 70. axb6 Kb7 71. Kf5 Rd8 72. d7 Kxb6 73. Ke4 1-0

[Event "38th Olympiad"]
[Site "Dresden GER"]
[Date "2008.11.21"]
[Round "8"]
[White "Flanders,C"]
[Black "Hakki,I"]
[Result "0-1"]
[WhiteElo "2021"]
[BlackElo "2422"]
[EventDate "2008.11.13"]

1. d4 Nf6 2. c4 g6 3. Nc3 Bg7 4. e4 O-O 5. f4 d6 6. Nf3 c5 7. d5 e6 8. Be2
exd5 9. exd5 Re8 10. O-O Ng4 11. h3 Ne3 12. Bxe3 Rxe3 13. Qd2 Re8 14. Rae1
Nd7 15. Bd3 Rxe1 16. Rxe1 Nf6 17. Qc2 Bd7 18. f5 Nh5 19. Ne2 Bh6 20. g4 Nf4
21. Nxf4 Bxf4 22. Qc3 Bg3 23. Re2 Bh4 24. Rg2 Bf6 25. Qc2 g5 26. h4 h6 27.
hxg5 hxg5 28. Rh2 Kg7 29. Rh5 Qe7 30. Qd2 Rh8 31. Rxh8 Kxh8 32. b3 Kg7 33.
Kf2 Kh6 34. Kf1 a6 35. a4 Kg7 36. Kf2 Qd8 37. Kf1 Qh8 38. Qh2 Qxh2 39. Nxh2
Be5 40. Nf3 Kf6 41. Ke2 Bf4 42. Kd1 Ke7 43. Kc2 Kd8 44. Kc3 Kc7 45. Kc2 Kb6
46. Kc3 Ka5 47. Kc2 Kb4 48. Be2 f6 49. Ne1 Be3 50. Nd3+ Ka5 51. Kc3 Bd4+
52. Kc2 Bxa4 53. bxa4 Kxa4 54. Bd1 b5 55. Kd2+ 0-1

[Event "38th Olympiad"]
[Site "Dresden GER"]
[Date "2008.11.21"]
[Round "8"]
[White "Rizouk,A"]
[Black "Boshku,H"]
[Result "1-0"]
[WhiteElo "2507"]
[BlackElo "2308"]
[EventDate "2008.11.13"]

1. e4 e5 2. Nf3 Nc6 3. Bc4 Nf6 4. d3 Bc5 5. c3 a6 6. O-O Ba7 7. Bb3 d6 8.
Be3 O-O 9. Nbd2 Bxe3 10. fxe3 d5 11. exd5 Nxd5 12. Qe1 Be6 13. Ne4 h6 14.
Nh4 Nde7 15. Bxe6 fxe6 16. Rxf8+ Qxf8 17. Qe2 Nf5 18. Rf1 g5 19. Qg4 Nce7
20. Ng3 Qg7 21. Nhxf5 Nxf5 22. Nxf5 exf5 23. Rxf5 Qe7 24. Qe4 1-0

[Event "38th Olympiad"]
[Site "Dresden GER"]
[Date "2008.11.21"]
[Round "8"]
[White "Haddouche,M"]
[Black "Rama,L"]
[Result "1-0"]
[WhiteElo "2333"]
[BlackElo "2297"]
[EventDate "2008.11.13"]

1. e4 e5 2. Bc4 Nf6 3. d3 Nc6 4. Nf3 Be7 5. O-O O-O 6. c3 d6 7. Bb3 Bg4 8.
Nbd2 Nd7 9. h3 Bh5 10. Re1 Nc5 11. Bc2 Ne6 12. Nf1 Ng5 13. N1h2 Nxf3+ 14.
Nxf3 Bxf3 15. Qxf3 Bg5 16. Be3 g6 17. d4 Bxe3 18. Qxe3 Qe7 19. f4 exf4 20.
Qxf4 f6 21. b4 Nd8 22. Rf1 c6 23. h4 a5 24. a3 Ne6 25. Qg4 Ng7 26. Rae1
axb4 27. axb4 Ra3 28. Re3 f5 29. Qh3 fxe4 30. Rxf8+ Qxf8 31. Bxe4 Ra1+ 32.
Kh2 d5 33. Bc2 Qf4+ 34. Qg3 Qxg3+ 35. Kxg3 Rc1 36. Re2 Kf7 37. Rf2+ Ke6 38.
Kf4 Re1 39. Kg5 Re3 40. g4 Ne8 41. h5 gxh5 42. gxh5 Rg3+ 43. Kf4 Rg7 44.
Re2+ Kd7 45. Bf5+ Kd8 46. Re6 Rf7 47. h6 Nc7 48. Re3 Nb5 49. Kg5 Nd6 50.
Bd3 Kd7 51. Re1 Kc7 52. Ra1 Rf3 53. Bxh7 Nf7+ 54. Kg6 Nxh6 55. Kxh6 Rxc3
56. Rd1 Rb3 57. Rb1 Rh3+ 58. Kg7 Rh4 59. Rd1 Kb6 60. Bf5 Kb5 61. Kf6 Kxb4
62. Ke5 b6 63. Rb1+ Ka5 64. Bd7 Re4+ 65. Kd6 Rxd4 66. Bxc6 Rd3 67. Rb5+ Ka6
68. Kc7 Rc3 69. Rxd5 Rc5 70. Rd4 b5 71. Rh4 Ka5 72. Rg4 Rc4 73. Rg5 Kb4 74.
Kb6 Kc3 75. Bxb5 Rd4 76. Kc5 Rf4 77. Rg3+ Kd2 78. Bc4 Rf5+ 79. Bd5 Rf4 80.
Ra3 Rh4 81. Bf3 Rf4 82. Kd5 Rb4 83. Be4 Rb8 84. Kc4 Rd8 85. Bd5 Ke2 86. Kd4
Kf2 87. Rf3+ Kg1 88. Rf5 Rb8 89. Ke3 Kh2 90. Kf3 Rh8 91. Kg4 Rh7 92. Rf1
Rg7+ 93. Kf4 Rg4+ 94. Kf5 Rb4 95. Be4 Kg3 96. Rf3+ Kh2 97. Kf4 Kg1 98. Rg3+
Kf2 99. Rg2+ Kf1 100. Ra2 Rb3 101. Bf3 Rb8 102. Rh2 Ke1 103. Be4 Rb3 104.
Bc2 Rc3 105. Ke4 Rg3 106. Bd3 Kd1 1-0

[Event "38th Olympiad"]
[Site "Dresden GER"]
[Date "2008.11.21"]
[Round "8"]
[White "Alice,M"]
[Black "Mateo,Ra"]
[Result "0-1"]
[WhiteElo "2201"]
[BlackElo "2488"]
[EventDate "2008.11.13"]

1. e4 c5 2. Nf3 d6 3. d4 cxd4 4. Nxd4 e5 5. Bb5+ Bd7 6. Bxd7+ Qxd7 7. Nf5
Nf6 8. Nc3 Nxe4 9. Nxg7+ Bxg7 10. Nxe4 d5 11. Ng3 O-O 12. Nh5 Nc6 13. O-O
f5 14. c3 f4 15. Nxg7 Kxg7 16. f3 Rad8 17. Rf2 Qf5 18. Qf1 Rf6 19. Bd2 Ne7
20. Re1 Ng6 21. c4 d4 22. Re4 Qh5 23. Qe1 Rf5 24. Bb4 Rd7 25. Qd1 Qh4 26.
Rd2 Rh5 27. h3 Qg3 28. Kf1 Qh2 29. Qe1 Nh4 30. Qf2 Rg5 31. a4 Qh1+ 32. Qg1
Qxg1+ 33. Kxg1 Nxf3+ 34. Kf2 Nxd2 35. Bxd2 Kf6 36. c5 Rd8 0-1

[Event "38th Olympiad"]
[Site "Dresden GER"]
[Date "2008.11.21"]
[Round "8"]
[White "Jaquez,J"]
[Black "Chambule,P"]
[Result "0-1"]
[WhiteElo "2223"]
[BlackElo "2100"]
[EventDate "2008.11.13"]

1. e4 e5 2. Nf3 Nf6 3. Nxe5 d6 4. Nf3 Nxe4 5. d4 d5 6. Bd3 Bf5 7. O-O Be7
8. Re1 O-O 9. c3 Nd7 10. Qc2 Bg6 11. Bf4 Re8 12. c4 Nef6 13. Bxg6 hxg6 14.
Nbd2 c6 15. b3 Nf8 16. h3 Bb4 17. Rxe8 Qxe8 18. Re1 Qd7 19. Re2 Re8 20.
Rxe8 Qxe8 21. Kf1 Ne6 22. Be3 Qd8 23. g3 a6 24. Nb1 Qa5 25. Bd2 Ne4 26.
Bxb4 Qxb4 27. a3 Qa5 28. b4 Qd8 29. c5 Qf6 30. Nbd2 Nxd4 31. Qd3 Nxf3 32.
Nxf3 Qxf3 33. Qxf3 Nd2+ 34. Ke2 Nxf3 35. Kxf3 Kf8 36. Kf4 Ke7 37. h4 Ke6
38. g4 f5 39. g5 d4 40. f3 Kd5 0-1

[Event "38th Olympiad"]
[Site "Dresden GER"]
[Date "2008.11.21"]
[Round "8"]
[White "Baules,J"]
[Black "Njili,K"]
[Result "1/2-1/2"]
[WhiteElo "2317"]
[BlackElo "2350"]
[EventDate "2008.11.13"]

1. e4 c5 2. Nf3 d6 3. d4 cxd4 4. Nxd4 Nf6 5. Nc3 a6 6. Bg5 e6 7. f4 Be7 8.
Qf3 Qc7 9. O-O-O Nbd7 10. Bd3 h6 11. Bh4 g5 12. fxg5 Ne5 13. Qe2 Nfg4 14.
Nf3 hxg5 15. Bg3 Nxf3 16. gxf3 Ne5 17. h4 gxh4 18. f4 Nxd3+ 19. Rxd3 Bd7
20. Qe1 O-O-O 21. Bxh4 Bc6 22. Rdh3 Bxh4 23. Rxh4 Rxh4 24. Qxh4 Qb6 25. Kb1
Rg8 26. a3 Rg1+ 27. Rxg1 Qxg1+ 28. Ka2 Qd4 29. Qg5 Kd7 30. e5 dxe5 31. fxe5
Qc4+ 32. Kb1 Qf1+ 33. Ka2 1/2-1/2

[Event "38th Olympiad"]
[Site "Dresden GER"]
[Date "2008.11.21"]
[Round "8"]
[White "Bouaziz,M"]
[Black "Arosemena,J"]
[Result "1/2-1/2"]
[WhiteElo "2203"]
[BlackElo "2201"]
[EventDate "2008.11.13"]

1. d4 Nf6 2. Nf3 c5 3. e3 b6 4. Bd3 Bb7 5. O-O e6 6. c4 Be7 7. Nc3 O-O 8.
d5 exd5 9. cxd5 Nxd5 10. Nxd5 Bxd5 11. Bxh7+ Kxh7 12. Qxd5 Nc6 13. Rd1 Nb4
14. Qxd7 Qxd7 15. Rxd7 Rfd8 16. Rd2 Bf6 17. a3 Nd3 18. Rc2 Rac8 19. Kf1 c4
20. e4 b5 21. Rb1 Nxc1 22. Rbxc1 Rd3 23. e5 Be7 24. Rc3 Rcd8 25. Rxd3 Rxd3
26. a4 a6 27. axb5 axb5 28. Ke2 Bc5 29. Ng5+ Kg6 30. Ne4 Bd4 31. Nc3 Bxe5
32. Nxb5 Rb3 33. Nc3 Rxb2+ 34. Ke1 Rb3 35. Nd5 c3 36. Ne3 Bd4 37. Ke2 Rb2+
38. Nc2 Bf6 39. Kd3 Rb8 40. Ne3 Rd8+ 41. Ke4 Rd4+ 42. Kf3 Rd3 43. Rc2 Rd8
44. Ke2 Re8 45. Kf3 Rd8 46. Nf1 1/2-1/2

[Event "38th Olympiad"]
[Site "Dresden GER"]
[Date "2008.11.21"]
[Round "8"]
[White "Valdes,R"]
[Black "Laouini,Sa"]
[Result "1-0"]
[WhiteElo "2093"]
[BlackElo "2209"]
[EventDate "2008.11.13"]

1. e4 c5 2. Nf3 d6 3. d4 cxd4 4. Nxd4 Nf6 5. Nc3 a6 6. Bc4 e6 7. Bb3 Nbd7
8. Bg5 Qa5 9. Bxf6 Nxf6 10. Qf3 Be7 11. O-O-O O-O 12. h4 Qc5 13. g4 Nd7 14.
Qg2 Ne5 15. g5 b5 16. g6 Nxg6 17. e5 Ra7 18. exd6 Qxd6 19. Nxe6 Bb7 20. f3
Qb8 21. h5 Bxf3 22. Qxf3 Ne5 23. Qh3 fxe6 24. Qxe6+ Kh8 25. Nd5 Bg5+ 26.
Kb1 Nc4 27. h6 Bxh6 28. Ne7 Qe8 29. Rde1 Nd2+ 30. Ka1 Nf3 31. Re2 Nd4 32.
Rxh6 Nxe6 33. Rxh7+ 1-0

[Event "38th Olympiad"]
[Site "Dresden GER"]
[Date "2008.11.21"]
[Round "8"]
[White "Meddeb,A"]
[Black "Mathews,B"]
[Result "1-0"]
[WhiteElo "2071"]
[BlackElo "2032"]
[EventDate "2008.11.13"]

1. e4 c5 2. Nf3 d6 3. d4 cxd4 4. Nxd4 Nf6 5. Nc3 a6 6. Bc4 e6 7. Bb3 Nbd7
8. O-O Nc5 9. Bg5 b5 10. Re1 Qc7 11. Bxf6 gxf6 12. Nd5 exd5 13. exd5+ Be7
14. Nc6 Be6 15. Nxe7 Qxe7 16. dxe6 fxe6 17. Bd5 Rc8 18. b4 e5 19. bxc5 Rxc5
20. Qh5+ Kd7 21. Rad1 Kc7 22. Qf5 h5 23. Re3 h4 24. h3 Rh6 25. Red3 Rxc2
26. Bf3 Rxa2 27. Rc3+ Kb6 28. Rc6+ Ka5 29. Rdxd6 Ra1+ 30. Kh2 Rc1 31. Re6
1-0

[Event "38th Olympiad"]
[Site "Dresden GER"]
[Date "2008.11.21"]
[Round "8"]
[White "Anit,T"]
[Black "Van Hoolandt,P"]
[Result "0-1"]
[WhiteElo "1881"]
[BlackElo "2231"]
[EventDate "2008.11.13"]

1. d4 Nf6 2. c4 e6 3. Nc3 d5 4. Bg5 Bb4 5. e3 Nbd7 6. Nf3 c5 7. cxd5 exd5
8. dxc5 Qa5 9. Qc2 Ne4 10. Rc1 Qxa2 11. Bb5 a6 12. O-O Bxc3 13. bxc3 axb5
14. Qd3 Qc4 15. Qc2 Nxg5 16. Nxg5 Nf6 17. Rfd1 O-O 18. Rd4 Qxc5 19. h3 Ra4
20. Rcd1 Rxd4 21. exd4 Qc7 22. Qb3 Qc4 23. Qa3 Re8 24. Rc1 Ne4 25. Re1 f6
26. Nf3 Bd7 27. Re3 Qa4 28. Qc1 Ra8 29. Re1 Qa3 30. Qf4 Qxc3 31. Rc1 g5 32.
Rxc3 gxf4 33. Rc2 Rc8 34. Ra2 b4 35. Rb2 Rc1+ 36. Kh2 Rc4 37. Ra2 b3 38.
Rb2 Ba4 0-1

[Event "38th Olympiad"]
[Site "Dresden GER"]
[Date "2008.11.21"]
[Round "8"]
[White "Sharify,A"]
[Black "Lebel,P"]
[Result "1-0"]
[WhiteElo "2118"]
[BlackElo "2187"]
[EventDate "2008.11.13"]

1. d4 g6 2. c4 Bg7 3. Nc3 c5 4. d5 Bxc3+ 5. bxc3 f5 6. f3 Qa5 7. Qd3 d6 8.
e4 fxe4 9. fxe4 Nf6 10. Bd2 Nbd7 11. Nf3 Ng4 12. Be2 Nge5 13. Qc2 Nxf3+ 14.
Bxf3 Ne5 15. O-O Bd7 16. Be2 O-O-O 17. Bf4 Nf7 18. Rab1 Rdf8 19. Qb2 Qa6
20. Rf2 g5 21. Bg3 Ne5 22. Bxe5 dxe5 23. Rbf1 Rf6 24. Qd2 h6 25. Qe3 Qd6
26. Rxf6 exf6 27. Qf3 Rf8 28. Qh5 f5 29. exf5 Rxf5 30. Rxf5 Bxf5 31. Qe8+
Kc7 32. Qf7+ Qd7 33. Qf6 e4 34. Qxh6 Qe7 35. h4 Qe5 36. Qxg5 e3 37. Bg4
Qxc3 38. Qxf5 Qe1+ 39. Qf1 Qxh4 40. Qf4+ 1-0

[Event "38th Olympiad"]
[Site "Dresden GER"]
[Date "2008.11.21"]
[Round "8"]
[White "Jones,Ri"]
[Black "Eid,Fa"]
[Result "1/2-1/2"]
[WhiteElo "2075"]
[BlackElo "2390"]
[EventDate "2008.11.13"]

1. e4 Nc6 2. Nf3 d6 3. d4 Nf6 4. Nc3 Bg4 5. Be3 e5 6. d5 Ne7 7. h3 Bd7 8.
g4 h6 9. Qd2 c6 10. O-O-O cxd5 11. exd5 Rc8 12. Kb1 a6 13. g5 hxg5 14. Nxg5
Nf5 15. f4 Nxe3 16. Qxe3 Be7 17. Rg1 exf4 18. Qd4 Nh5 19. Nge4 Kf8 20. Be2
Ng3 21. Nxg3 fxg3 22. Rxg3 Bf6 23. Qb4 Qc7 24. Bg4 Bxg4 25. hxg4 b5 26. Rf1
Rh4 27. Qe4 Re8 28. Qd3 Qe7 29. a3 Qe5 30. Rg2 Qd4 31. Qf5 Qe5 32. Qf3 Qe3
33. Qf5 Qe5 34. Qf3 Qe3 35. Qf5 Qe5 1/2-1/2

[Event "38th Olympiad"]
[Site "Dresden GER"]
[Date "2008.11.21"]
[Round "8"]
[White "Khairallah,F"]
[Black "Rees,I"]
[Result "1-0"]
[WhiteElo "2337"]
[BlackElo "2297"]
[EventDate "2008.11.13"]

1. e4 c5 2. Nc3 Nc6 3. Nge2 g6 4. d4 cxd4 5. Nxd4 Bg7 6. Nde2 Nf6 7. g3 O-O
8. Bg2 Rb8 9. a4 a6 10. O-O b5 11. axb5 axb5 12. Re1 Ne5 13. h3 b4 14. Nd5
Nxd5 15. exd5 Nc4 16. Ra2 Bb7 17. b3 Nd6 18. Bd2 Qb6 19. Ra4 Ra8 20. Rxb4
Qc7 21. Bf4 Ra1 22. Qd2 Rfa8 23. Kh2 R8a2 24. Rxa1 Bxa1 25. Qe3 Qxc2 26.
Qxe7 Qxe2 27. Qxe2 Rxe2 28. Bxd6 Ba6 29. Ra4 1-0

[Event "38th Olympiad"]
[Site "Dresden GER"]
[Date "2008.11.21"]
[Round "8"]
[White "Blackburn,J"]
[Black "Kassis,A LIB"]
[Result "0-1"]
[WhiteElo "2175"]
[BlackElo "2238"]
[EventDate "2008.11.13"]

1. d4 Nf6 2. c4 c5 3. d5 d6 4. Nc3 g6 5. Nf3 Bg7 6. g3 O-O 7. Bg2 e5 8. O-O
Na6 9. a3 Ne8 10. e4 Bd7 11. Bg5 f6 12. Be3 Qe7 13. b4 b6 14. Qc1 f5 15.
Bg5 Bf6 16. b5 Nac7 17. Bh6 Ng7 18. Re1 a6 19. a4 a5 20. h4 Rfe8 21. Bg5
Rf8 22. Bh6 Rfe8 23. Bg5 Rf8 24. Bxf6 Qxf6 25. Qh6 Nge8 26. exf5 gxf5 27.
Qxf6 Nxf6 28. Nxe5 dxe5 29. d6 Ne6 30. Bxa8 Rxa8 31. Rxe5 Nd4 32. Kg2 Be6
33. Rae1 Bxc4 34. Re7 Rd8 35. Ra7 Rxd6 36. Ree7 Rd8 37. h5 Kh8 38. h6 Bg8
39. f3 Nc2 40. Rab7 Nb4 41. Rg7 Nbd5 42. Nxd5 Nxd5 43. Rbd7 Rc8 44. Rd6 c4
45. Rgd7 c3 46. Rd8 Rc7 47. Rxd5 c2 48. Rd1 cxd1=Q 49. Rxd1 Rc8 50. Rd6 Rb8
51. g4 fxg4 52. f4 Bb3 53. Rd4 Kg8 54. f5 Kf7 55. Rd7+ Kf6 56. Rxh7 Bf7 57.
Rg7 Rg8 58. h7 Ke5 0-1